[Event "HUN-chT2 Breyer 1516"]
[Site "Hungary"]
[Date "2015.12.06"]
[Round "6.7"]
[White "Ruip, Janos"]
[Black "Imre, Jozsef"]
[Result "1-0"]
[WhiteElo "2118"]
[BlackElo "2068"]
[PlyCount "47"]
[EventDate "2015.09.13"]
[EventType "team-tourn"]
[EventRounds "11"]
[EventCountry "HUN"]
[SourceTitle "CBM 170 Extra"]
[Source "ChessBase"]
[SourceDate "2016.02.25"]
[SourceVersion "1"]
[SourceVersionDate "2016.02.25"]
[SourceQuality "1"]
[WhiteTeam "Biatorbagy"]
[BlackTeam "Vizugy"]
[WhiteTeamCountry "HUN"]
[BlackTeamCountry "HUN"]

1. e4 c5 2. Nc3 Nc6 3. g3 g6 4. Bg2 Bg7 5. d3 e6 6. Be3 d6 7. Qd2 Qa5 8. f4 Nd4 9. Nf3 Ne7 10. 0-0 0-0 11. Nd5 Qd8 12. Nxe7+ Qxe7 13. c3 Nxf3+ 14. Bxf3 Bd7 15. Rae1 Bc6 16. f5 e5 17. g4 Bf6 18. g5 Bh8 19. f6 Bxf6 20. gxf6 Qxf6 21. Bd1 Qe7 22. Bh6 Rfc8 23. Bb3 Be8 24. Bg5 1-0

[Event "HUN-chT2 Charousek 1415"]
[Site "Hungary"]
[Date "2014.12.14"]
[Round "4"]
[White "Ruip, Janos"]
[Black "Acs, Marton"]
[Result "1/2-1/2"]
[WhiteElo "2104"]
[BlackElo "1973"]
[PlyCount "66"]
[EventDate "2014.10.12"]
[EventType "team-tourn"]
[EventRounds "9"]
[EventCountry "HUN"]
[SourceTitle "EXT 2016"]
[Source "ChessBase"]
[SourceDate "2015.10.08"]
[SourceVersion "1"]
[SourceVersionDate "2015.10.08"]
[SourceQuality "1"]
[WhiteTeam "Biatorbagy"]
[BlackTeam "Tapolca"]
[WhiteTeamCountry "HUN"]
[BlackTeamCountry "HUN"]

1. e4 e5 2. Bc4 Nf6 3. d3 c6 4. Nf3 d5 5. Bb3 Bb4+ 6. c3 Bd6 7. Nbd2 dxe4 8. dxe4 Qe7 9. 0-0 0-0 10. Qe2 Nbd7 11. Nc4 Bc7 12. Bg5 Re8 13. Bc2 Nf8 14. Ne3 h6 15. Bxf6 Qxf6 16. g3 Be6 17. Kg2 Ng6 18. h3 Rad8 19. Bb3 Bc8 20. h4 Bb6 21. h5 Nf8 22. Nh4 Ne6 23. Nhf5 Qg5 24. Bxe6 Bxe6 25. b3 Bxe3 26. Nxe3 Rd7 27. Rad1 Red8 28. Rxd7 Rxd7 29. Rd1 Qd8 30. f3 Rxd1 31. Nxd1 Qd7 32. Nf2 Qd6 33. Qd3 Qc7 1/2-1/2

[Event "HUN-chT2 Breyer 1314"]
[Site "Hungary"]
[Date "2014.03.02"]
[Round "6"]
[White "Balazs, Andras"]
[Black "Ruip, Janos"]
[Result "1/2-1/2"]
[WhiteElo "1975"]
[BlackElo "2056"]
[PlyCount "138"]
[EventDate "2013.09.08"]
[EventType "team-tourn"]
[EventRounds "9"]
[EventCountry "HUN"]
[SourceTitle "EXT 2016"]
[Source "ChessBase"]
[SourceDate "2015.10.08"]
[SourceVersion "1"]
[SourceVersionDate "2015.10.08"]
[SourceQuality "1"]
[WhiteTeam "Zoltek"]
[BlackTeam "Biatorbagy"]
[WhiteTeamCountry "HUN"]
[BlackTeamCountry "HUN"]

1. e4 Nc6 2. Nf3 d6 3. d4 a6 4. c4 Bg4 5. Be2 e5 6. dxe5 dxe5 7. 0-0 Bxf3 8. Bxf3 Qxd1 9. Rxd1 Nd4 10. Nc3 Nf6 11. Bg5 Be7 12. Rd3 c6 13. g3 Nd7 14. Bxe7 Kxe7 15. Bg2 Nc5 16. Rdd1 a5 17. b3 Rad8 18. Kf1 Rd6 19. Ne2 Rhd8 20. Rac1 Nxe2 21. Kxe2 Nd3 22. Rb1 Rd4 23. f3 Nb4 24. Rxd4 Rxd4 25. Rb2 Kd6 26. Bf1 Kc5 27. a3 Na6 28. Rb1 Rd6 29. Ke3 g5 30. h3 Rd4 31. Be2 h6 32. Rh1 Rd6 33. h4 b5 34. hxg5 hxg5 35. Rc1 b4 36. Ra1 Kb6 37. axb4 Nxb4 38. c5+ Kxc5 39. Rxa5+ Kb6 40. Rxe5 f6 41. Re8 Nc2+ 42. Kf2 Rd2 43. e5 fxe5 44. Rxe5 c5 45. Rxg5 Nd4 46. Re5 Nxb3 47. g4 Nd4 48. g5 c4 49. Re3 c3 50. g6 c2 51. g7 c1Q 52. g8Q Nc6 53. Rb3+ Kc7 54. Qf7+ Rd7 55. Rb7+ Kxb7 56. Qxd7+ Kb6 57. Qc8 Qc5+ 58. Kg2 Qg5+ 59. Qg4 Qe3 60. f4 Nd4 61. Bf3 Qd2+ 62. Kg3 Qe1+ 63. Kh3 Qf1+ 64. Bg2 Qd3+ 65. Kh4 Qh7+ 66. Qh5 Qxh5+ 67. Kxh5 Kc5 68. Kg6 Kd6 69. Kf6 Ne2 1/2-1/2

[Event "HUN-chT2 Breyer 1314"]
[Site "Hungary"]
[Date "2013.10.20"]
[Round "3"]
[White "Horvath, Laszlo3333"]
[Black "Ruip, Janos"]
[Result "1/2-1/2"]
[WhiteElo "2000"]
[BlackElo "2056"]
[PlyCount "46"]
[EventDate "2013.09.08"]
[EventType "team-tourn"]
[EventRounds "9"]
[EventCountry "HUN"]
[SourceTitle "EXT 2016"]
[Source "ChessBase"]
[SourceDate "2015.10.08"]
[SourceVersion "1"]
[SourceVersionDate "2015.10.08"]
[SourceQuality "1"]
[WhiteTeam "Gyor Komszomol"]
[BlackTeam "Biatorbagy"]
[WhiteTeamCountry "HUN"]
[BlackTeamCountry "HUN"]

1. e4 Nc6 2. Nf3 d6 3. d4 a6 4. d5 Ne5 5. Nxe5 dxe5 6. Bg5 Qd6 7. c4 e6 8. Nc3 Be7 9. Be3 b6 10. Rb1 c5 11. dxc6 Qxc6 12. Qa4 Qxa4 13. Nxa4 Bb4+ 14. Nc3 Nf6 15. f3 Nd7 16. Rc1 0-0 17. Be2 Bb7 18. 0-0 Bc6 19. Rfd1 Rfd8 20. a3 Bc5 21. Kf2 Bxe3+ 22. Kxe3 Nc5 23. Rxd8+ Rxd8 1/2-1/2

[Event "HUN-chT2 Breyer 1314"]
[Site "Hungary"]
[Date "2013.09.08"]
[Round "1"]
[White "Ruip, Janos"]
[Black "Fekete, Laszlo1111"]
[Result "1-0"]
[WhiteElo "2056"]
[BlackElo "1793"]
[PlyCount "115"]
[EventDate "2013.09.08"]
[EventType "team-tourn"]
[EventRounds "9"]
[EventCountry "HUN"]
[SourceTitle "EXT 2016"]
[Source "ChessBase"]
[SourceDate "2015.10.08"]
[SourceVersion "1"]
[SourceVersionDate "2015.10.08"]
[SourceQuality "1"]
[WhiteTeam "Biatorbagy"]
[BlackTeam "Gyor Szechenyi"]
[WhiteTeamCountry "HUN"]
[BlackTeamCountry "HUN"]

1. e4 e5 2. Bc4 Nf6 3. d3 Be7 4. Nf3 d6 5. 0-0 0-0 6. c3 Bg4 7. Re1 Qd7 8. Nbd2 Nc6 9. Bb3 a6 10. Nf1 h6 11. Ne3 Rae8 12. Nxg4 Qxg4 13. h3 Qh5 14. Qe2 Nh7 15. Nh2 Qxe2 16. Rxe2 Bg5 17. Ng4 Bxc1 18. Rxc1 Ng5 19. Ne3 Kh7 20. Nd5 Ne6 21. g3 Ne7 22. Ne3 Ng6 23. Rd2 c6 24. Nf5 Rd8 25. h4 Rd7 26. d4 exd4 27. cxd4 Ne7 28. Ne3 d5 29. e5 h5 30. f4 f5 31. exf6 Rxf6 32. Re1 g6 33. Bc2 Ng7 34. Kg2 Nef5 35. Nxf5 Nxf5 36. Re5 Rdf7 37. Kf2 Kg7 38. b4 Nh6 39. Kf3 Nf5 40. a4 Kf8 41. b5 axb5 42. axb5 Re7 43. Bxf5 Rxf5 44. bxc6 bxc6 45. Rc2 Rf6 46. Ke3 Ra7 47. Rc3 Ra2 48. Rb3 Ra8 49. Kd3 Re8 50. Kc3 Ra8 51. Re3 Re8 52. Kb4 Rb8+ 53. Kc5 Re8 54. Rxe8+ Kxe8 55. Rb7 Kd8 56. Rh7 Re6 57. f5 Rf6 58. Rh6 1-0

[Event "Fejer County-chT 1213"]
[Site "Fejer Region"]
[Date "2012.11.24"]
[Round "2.18"]
[White "Ruip, Janos"]
[Black "Csatho, Gabor"]
[Result "1-0"]
[WhiteElo "2051"]
[BlackElo "1768"]
[PlyCount "101"]
[EventDate "2012.11.03"]
[EventType "team-tourn"]
[EventRounds "7"]
[EventCountry "HUN"]
[SourceTitle "EXT 2019"]
[Source "ChessBase"]
[SourceDate "2018.10.10"]
[SourceVersion "1"]
[SourceVersionDate "2018.10.10"]
[SourceQuality "1"]
[WhiteTeam "Etyek"]
[BlackTeam "Kiraly Sakk"]
[WhiteTeamCountry "HUN"]
[BlackTeamCountry "HUN"]

1. e4 e6 2. d4 d5 3. e5 c5 4. c3 Nc6 5. Nf3 Qb6 6. a3 cxd4 7. cxd4 Nge7 8. b4 Nf5 9. Be3 Bd7 10. Nc3 Rc8 11. Na4 Qd8 12. Nc5 Bxc5 13. bxc5 Nxe3 14. fxe3 0-0 15. Bd3 f6 16. exf6 Qxf6 17. 0-0 Qh6 18. Qe2 e5 19. Bb5 Bg4 20. Bxc6 bxc6 21. h3 Bxf3 22. Rxf3 Rxf3 23. Qxf3 Rf8 24. Qg3 exd4 25. exd4 Qd2 26. Qe5 Qb2 27. Re1 Qf2+ 28. Kh2 Qf4+ 29. Qxf4 Rxf4 30. Re6 Rxd4 31. Rxc6 Rc4 32. Ra6 Kf7 33. Rxa7+ Kf6 34. a4 Rxc5 35. Kg3 Ke5 36. Rxg7 Ke4 37. Kf2 Kd3 38. Rg3+ Kd2 39. Ra3 Ra5 40. Ra2+ Kd3 41. g4 d4 42. Ke1 Kc3 43. Kd1 Kb3 44. Rc2 Rxa4 45. Kd2 Ra6 46. Kd3 Rh6 47. Rh2 Rd6 48. Rf2 Kb4 49. Rf5 Rd7 50. g5 Rd6 51. Rf6 1-0

[Event "HUN-chT2 Breyer 1213"]
[Site "Hungary"]
[Date "2012.11.04"]
[Round "3.7"]
[White "Ruip, Janos"]
[Black "Szinavel, Zsolt"]
[Result "1-0"]
[WhiteElo "2051"]
[BlackElo "2123"]
[PlyCount "105"]
[EventDate "2012.09.16"]
[EventType "team-tourn"]
[EventRounds "11"]
[EventCountry "HUN"]
[SourceTitle "EXT 2014"]
[Source "ChessBase"]
[SourceDate "2013.11.20"]
[SourceVersion "1"]
[SourceVersionDate "2013.11.20"]
[SourceQuality "1"]
[WhiteTeam "Biatorbagy"]
[BlackTeam "Kisber Aszar"]
[WhiteTeamCountry "HUN"]
[BlackTeamCountry "HUN"]

1. e4 e6 2. d4 b6 3. Bd3 Bb7 4. Nf3 Nf6 5. Nbd2 c5 6. c3 Nc6 7. a3 d6 8. 0-0 Be7 9. Re1 e5 10. d5 Nb8 11. a4 a6 12. Nf1 h6 13. Ng3 Bc8 14. Nd2 Bg4 15. Qb3 Nbd7 16. h3 Bh5 17. Nc4 Qc7 18. Nf5 Bf8 19. f4 Bg6 20. fxe5 dxe5 21. Nce3 Bxf5 22. Nxf5 g6 23. Nh4 Nh5 24. c4 Nf4 25. Bf1 Be7 26. Nf3 g5 27. g3 Ng6 28. Bd2 a5 29. Rad1 Bd6 30. Nh2 0-0-0 31. Be2 h5 32. Bxg5 f6 33. Bd2 Rdg8 34. Kh1 Ne7 35. Rf1 f5 36. exf5 e4 37. Bf4 Nxf5 38. Bxd6 Nxd6 39. Rf4 e3 40. Qxe3 h4 41. Bg4 hxg3 42. Qxg3 Kb8 43. Qc3 Rh6 44. Re1 Nf6 45. Rxf6 Ne4 46. Rf8+ Kb7 47. d6 Qc6 48. Rf7+ Ka6 49. Qf3 Rxg4 50. hxg4 Nf2+ 51. Kg2 Rxh2+ 52. Kxh2 Qxd6+ 53. Rf4 1-0

[Event "HUN-chT2 Breyer 1112"]
[Site "Hungary"]
[Date "2011.09.26"]
[Round "1.5"]
[White "Ruip, Janos"]
[Black "Feher, Tamas"]
[Result "1-0"]
[WhiteElo "2041"]
[BlackElo "2177"]
[PlyCount "101"]
[EventDate "2011.09.25"]
[EventType "team-tourn"]
[EventRounds "11"]
[EventCountry "HUN"]
[SourceTitle "EXT 2013"]
[Source "ChessBase"]
[SourceDate "2012.11.22"]
[SourceVersion "1"]
[SourceVersionDate "2012.11.22"]
[SourceQuality "1"]
[WhiteTeam "Biatorbagy"]
[BlackTeam "Husi"]
[WhiteTeamCountry "HUN"]
[BlackTeamCountry "HUN"]

1. e4 c5 2. Nc3 e6 3. g3 d5 4. exd5 exd5 5. d3 Nf6 6. Bg2 Be7 7. Nge2 0-0 8. 0-0 d4 9. Ne4 Nd5 10. Nf4 Nxf4 11. Bxf4 Be6 12. Re1 Nc6 13. Qh5 Bd5 14. Qxd5 Qxd5 15. Nf6+ Bxf6 16. Bxd5 Nb4 17. Bb3 Rfd8 18. a3 Nc6 19. Re2 g5 20. Bd2 Ne5 21. Kg2 g4 22. h3 h5 23. hxg4 hxg4 24. Re4 Kg7 25. Bf4 Ng6 26. Rh1 Nxf4+ 27. Rxf4 Rh8 28. Rxg4+ Kf8 29. Rxh8+ Bxh8 30. Rf4 f6 31. Rf5 b6 32. Rd5 Ke7 33. Kf3 Rg8 34. Rh5 Rf8 35. Rh7+ Kd6 36. Rxa7 f5 37. Rb7 Kc6 38. Re7 Bf6 39. Re6+ Kd7 40. Rxb6 Be5 41. Ba4+ Ke7 42. Bb3 Rf6 43. Rb7+ Kd6 44. Bc4 Rf8 45. Ra7 Rf6 46. a4 Rf8 47. a5 Kc6 48. a6 Rb8 49. b3 Bc7 50. Bd5+ Kb5 51. Rxc7 1-0

[Event "HUN-chT2 Breyer 1011"]
[Site "Hungary"]
[Date "2011.05.15"]
[Round "11.4"]
[White "Ruip, Janos"]
[Black "Frank, Jozsef"]
[Result "1-0"]
[WhiteElo "2034"]
[BlackElo "2180"]
[PlyCount "113"]
[EventDate "2010.09.12"]
[EventType "team-tourn"]
[EventRounds "11"]
[EventCountry "HUN"]
[SourceTitle "EXT 2012"]
[Source "ChessBase"]
[SourceDate "2011.11.24"]
[SourceVersion "1"]
[SourceVersionDate "2011.11.24"]
[SourceQuality "1"]
[WhiteTeam "Biatorbagy"]
[BlackTeam "Gyor Elektromos"]
[WhiteTeamCountry "HUN"]
[BlackTeamCountry "HUN"]

1. e4 c5 2. Nc3 Nc6 3. g3 g6 4. Bg2 Bg7 5. d3 d6 6. Nge2 Rb8 7. 0-0 b5 8. Nd5 e6 9. Ne3 Nge7 10. f4 0-0 11. f5 f6 12. fxe6 Bxe6 13. Nf4 Bf7 14. c3 b4 15. Qc2 a5 16. Bh3 Qb6 17. Ne6 Bxe6 18. Bxe6+ Kh8 19. Nc4 Qc7 20. Bf4 Ne5 21. Rad1 Rbd8 22. Ne3 Qb6 23. d4 cxd4 24. cxd4 g5 25. Bxe5 dxe5 26. Bd5 exd4 27. Nc4 Qc5 28. Na3 Qa7 29. Nb5 Qb6 30. Bc4 f5 31. exf5 Nd5 32. Bd3 Ne3 33. Qc7 Qf6 34. Qxa5 Nxd1 35. Rxd1 Qe5 36. Qc7 Qe3+ 37. Kg2 Be5 38. Qc2 g4 39. Qf2 h5 40. a4 b3 41. Na3 Bf6 42. Nc4 Qe7 43. Re1 Qb7+ 44. Kg1 Rde8 45. Rxe8 Rxe8 46. Nd6 Qe7 47. Nxe8 Qxe8 48. Qd2 Kg7 49. a5 Qd8 50. a6 Bg5 51. Qb4 Kh6 52. Qb7 Be3+ 53. Kf1 Qa5 54. Qc6+ Kg7 55. f6+ Kf8 56. Qd6+ Kg8 57. Qe6+ 1-0

[Event "HUN-chT2 Breyer 1011"]
[Site "Hungary"]
[Date "2011.04.10"]
[Round "8.5"]
[White "Tomosvary, Attila"]
[Black "Ruip, Janos"]
[Result "1/2-1/2"]
[WhiteElo "2116"]
[BlackElo "2034"]
[PlyCount "63"]
[EventDate "2010.09.12"]
[EventType "team-tourn"]
[EventRounds "11"]
[EventCountry "HUN"]
[SourceTitle "EXT 2012"]
[Source "ChessBase"]
[SourceDate "2011.11.24"]
[SourceVersion "1"]
[SourceVersionDate "2011.11.24"]
[SourceQuality "1"]
[WhiteTeam "Vizugy"]
[BlackTeam "Biatorbagy"]
[WhiteTeamCountry "HUN"]
[BlackTeamCountry "HUN"]

1. e4 Nc6 2. d4 d5 3. e5 Bf5 4. c3 h5 5. Bd3 Qd7 6. Ne2 h4 7. h3 0-0-0 8. b4 f6 9. Be3 g5 10. Qc2 Nh6 11. Nd2 Bxd3 12. Qxd3 Qf5 13. Qxf5+ Nxf5 14. Nf3 Nxe3 15. fxe3 Bh6 16. Kd2 f5 17. Raf1 e6 18. Ne1 Rdg8 19. Nd3 Bf8 20. Rf2 Be7 21. Rhf1 b6 22. a3 a6 23. Nb2 b5 24. Nd3 Kb7 25. Nec1 Nb8 26. Nb3 Nd7 27. Ra1 Ra8 28. Rff1 Rh6 29. Ra2 c6 30. Rfa1 Rhh8 31. a4 Rac8 32. Ke2 1/2-1/2

[Event "HUN-chT2 Erkel 0809"]
[Site "Hungary"]
[Date "2009.02.08"]
[Round "7.10"]
[White "Ivanics, Frigyes"]
[Black "Ruip, Janos"]
[Result "1-0"]
[WhiteElo "2063"]
[BlackElo "2035"]
[PlyCount "77"]
[EventDate "2008.10.26"]
[EventType "team-tourn"]
[EventRounds "11"]
[EventCountry "HUN"]
[SourceTitle "EXT 2010"]
[Source "ChessBase"]
[SourceDate "2010.11.25"]
[SourceVersion "1"]
[SourceVersionDate "2010.11.25"]
[SourceQuality "1"]
[WhiteTeam "PSE II"]
[BlackTeam "Paszto"]
[WhiteTeamCountry "HUN"]
[BlackTeamCountry "HUN"]

1. e4 Nc6 2. Nf3 d6 3. d4 g6 4. Bc4 Bg7 5. Nc3 Nf6 6. h3 0-0 7. Be3 a6 8. Qd2 e5 9. dxe5 dxe5 10. 0-0-0 Qxd2+ 11. Rxd2 Rb8 12. Rhd1 b5 13. Bd5 b4 14. Na4 Nxd5 15. Rxd5 Be6 16. Rc5 b3 17. axb3 Nb4 18. Rxc7 Rfc8 19. Rxc8+ Rxc8 20. c4 Nc6 21. Nc5 Bxc4 22. bxc4 Nd4 23. Nxd4 exd4 24. Bxd4 Bxd4 25. Rxd4 Rxc5 26. b3 h5 27. Rd6 h4 28. Rd5 Rc6 29. Kd2 Re6 30. f3 Kg7 31. b4 Kh6 32. c5 Re7 33. Rd6 Ra7 34. f4 a5 35. b5 a4 36. Ra6 Rd7+ 37. Kc3 Rd1 38. Rxa4 Rg1 39. b6 1-0

[Event "HUN-chT2 Erkel 0708"]
[Site "Hungary"]
[Date "2007.12.09"]
[Round "4"]
[White "Ruip, Janos"]
[Black "Kormos, Andras"]
[Result "0-1"]
[WhiteElo "1984"]
[BlackElo "2093"]
[PlyCount "56"]
[EventDate "2007.10.14"]
[EventType "team"]
[EventRounds "11"]
[EventCountry "HUN"]
[SourceTitle "EXT 2009"]
[Source "ChessBase"]
[SourceDate "2008.11.26"]
[SourceVersion "1"]
[SourceVersionDate "2008.11.26"]
[SourceQuality "1"]
[WhiteTeam "Paszto"]
[BlackTeam "BEAC II"]
[WhiteTeamCountry "HUN"]
[BlackTeamCountry "HUN"]

1. e4 g6 2. d4 Bg7 3. f4 c5 4. c3 cxd4 5. cxd4 Qb6 6. Nf3 d6 7. Nc3 Nf6 8. Bb5+ Bd7 9. Bxd7+ Nbxd7 10. Qe2 0-0 11. Be3 Qa5 12. Nd2 Rac8 13. 0-0 e6 14. Kh1 a6 15. Nb3 Qd8 16. e5 Nd5 17. Nxd5 exd5 18. Rac1 Qe7 19. Bd2 dxe5 20. dxe5 Nb6 21. a3 Rxc1 22. Rxc1 Rc8 23. Bc3 Bh6 24. g3 Na4 25. Bb4 Rxc1+ 26. Nxc1 Qc7 27. Qd2 Qc4 28. b3 Qf1# 0-1

[Event "HUN-chT2 Erkel 0708"]
[Site "Hungary"]
[Date "2007.11.11"]
[Round "2"]
[White "Frank, Jozsef1111"]
[Black "Ruip, Janos"]
[Result "1-0"]
[WhiteElo "2021"]
[BlackElo "1984"]
[PlyCount "97"]
[EventDate "2007.10.14"]
[EventType "team"]
[EventRounds "11"]
[EventCountry "HUN"]
[SourceTitle "EXT 2009"]
[Source "ChessBase"]
[SourceDate "2008.11.26"]
[SourceVersion "1"]
[SourceVersionDate "2008.11.26"]
[SourceQuality "1"]
[WhiteTeam "Dunaharaszti II"]
[BlackTeam "Paszto"]
[WhiteTeamCountry "HUN"]
[BlackTeamCountry "HUN"]

1. d4 Nf6 2. Nf3 g6 3. g3 Bg7 4. Bg2 d6 5. 0-0 0-0 6. c3 Nbd7 7. Bg5 h6 8. Bxf6 Nxf6 9. Nbd2 c6 10. Qb3 Qc7 11. e4 Be6 12. Qc2 a5 13. Rfe1 a4 14. a3 Rfd8 15. e5 dxe5 16. Nxe5 Bf5 17. Qc1 Ng4 18. Ndf3 Nxe5 19. Nxe5 f6 20. Nf3 g5 21. Qe3 Re8 22. h3 Bg6 23. Re2 e6 24. Rae1 Rad8 25. Qc1 Qd6 26. Re3 h5 27. Qd1 b5 28. Qe2 Bf7 29. Nd2 e5 30. Ne4 Qe7 31. dxe5 f5 32. Nd6 f4 33. Nxe8 fxe3 34. Nxg7 exf2+ 35. Qxf2 Kxg7 36. Bxc6 Bc4 37. Bf3 Rf8 38. Qe3 h4 39. Be2 hxg3 40. Bxc4 bxc4 41. Qxg3 Qc5+ 42. Qe3 Qe7 43. e6 Rf5 44. Rf1 Rxf1+ 45. Kxf1 Kf6 46. Qd4+ Kxe6 47. Qxc4+ Kf5 48. Qxa4 Qe3 49. Qc2+ 1-0